000 01112nam a2200253Ia 4500
003 OSt
005 20220923224020.0
006 a|||||r|||| 00| 0
007 ta
008 220922b |||||||| |||| 00| 0 hin d
024 _a224,063
037 _cTextual
040 _aARTS
_cARTS
_bhin
041 _2hin
_ahin
082 _aO122,3N08x, 152P4
100 _aकार्तिकेय, ललित, अनु.
245 0 _aएक गुमशुदा औरत की डायरी
_b स्त्री - चेतना की प्रखर कथाकार सिमोन द बोवुआर की लंबी कहानियां
246 _aEk gumashudā aurat kī ḍāyarī: strī - chetanā kī prakhar kathākār simon d bovuār kī lanbī kahāniyāan
260 _aमुंबई
_b संवाद प्रकाशन
_c2004
300 _a214पृ.
_ccm.
650 _aहिन्दी साहित्य
_9156264
942 _hO122,3N08x, 152P4
_cTEXL
_2CC
999 _c368680
_d368680